| 000 | 01568nam a22002537a 4500 | ||
|---|---|---|---|
| 005 | 20120710145631.0 | ||
| 010 | _aB-462689-693 | ||
| 020 |
_a9788175414525 _c195.00 |
||
| 035 | _aB-462689-693 | ||
| 037 |
_adpl _bK.K.PUB/VEN |
||
| 082 | _a891.4414 | ||
| 100 |
_aTagore, Rabindranath. _950237 |
||
| 245 |
_aPrayers from The Heart _cby Rabindranath Tagore |
||
| 260 |
_aDelhi _bShipra Publications _c2009 |
||
| 270 |
_a115-a, Vikas Marg, Shakarpur, _bDelhi |
||
| 300 |
_a122pg. _c21cm. |
||
| 942 |
_2ddc _cEN _h891.4414 _mTAG |
||
| 999 |
_c68383 _d68383 |
||